[Event "Superettan(Orgryte-Kungstornet)"]
[Site "?"]
[Date "2020.10.16"]
[Round "7"]
[White "Frisk Kockum, Anton"]
[Black "von Bahr, Oskar"]
[Result "1/2-1/2"]
[WhiteElo "2357"]
[BlackElo "2400"]
[PlyCount "84"]
1. Nf3 Nf6 2. b3 g6 3. Bb2 Bg7 4. c4 c5 5. g3 b6 6. Bg2 Bb7 7. O-O O-O 8. Nc3
Nc6 9. d4 Nxd4 10. Nxd4 Bxg2 11. Kxg2 cxd4 12. Qxd4 d6 13. Rad1 Nd7 14. Qe3 a6
15. Rd2 Re8 16. a4 Rb8 17. Rfd1 Nc5 18. b4 Nd7 19. Ne4 Bxb2 20. Rxb2 Qc7 21.
Rc2 a5 22. b5 Rbc8 23. Qh6 Nf6 24. Nxf6+ exf6 25. Rd4 f5 26. Rh4 f6 27. Rd4 Re4
28. Rcd2 Qe7 29. e3 Qb7 30. f3 Rxd4 31. Rxd4 Qe7 32. Qf4 Qe5 33. h4 Rd8 34. Kf2
Qxf4 35. Rxf4 Kf7 36. Rd4 Ke6 37. Ke2 Rc8 38. Kd3 Rc5 39. e4 fxe4+ 40. Rxe4+
Re5 41. f4 Rxe4 42. Kxe4 f5+ 1/2-1/2

[Event "Superettan(Schack 08-Rockaden II,Sthlm)"]
[Site "?"]
[Date "2020.10.16"]
[Round "7"]
[White "Nyander, Joakim"]
[Black "Nikolic, Vladan"]
[Result "1-0"]
[WhiteElo "2232"]
[BlackElo "2201"]
[PlyCount "93"]
1. Nf3 d5 2. c4 e6 3. g3 Nf6 4. Bg2 Be7 5. O-O O-O 6. b3 b6 7. Bb2 c5 8. e3 Nc6
9. Nc3 Ba6 10. d3 Rc8 11. Qe2 Qd7 12. Rfd1 Rfd8 13. Rab1 Qb7 14. Ba1 Qb8 15. a3
Bb7 16. Qb2 d4 17. Na2 e5 18. b4 Re8 19. Re1 Rcd8 20. exd4 Nxd4 21. Nxd4 Bxg2
22. Kxg2 exd4 23. bxc5 Bxc5 24. Nb4 Qa8+ 25. f3 h5 26. Qd2 Ng4 27. Nc2 Ne5 28.
Rf1 h4 29. Rbe1 Qc6 30. Re4 Re6 31. Rxh4 Nxc4 32. dxc4 d3 33. Qg5 Re2+ 34. Kh1
f6 35. Qh5 Rde8 36. Qh7+ Kf8 37. Qxd3 Qa4 38. Rh8+ Kf7 39. Qd5+ R8e6 40. Nd4
Bxd4 41. Bxd4 Rd2 42. Re1 Rde2 43. Rxe2 Qd1+ 44. Bg1 Qxe2 45. Qh5+ Ke7 46. Qe8+
Kd6 47. Qb8+ 1-0

[Event "Superettan(Orgryte-Kungstornet)"]
[Site "?"]
[Date "2020.10.16"]
[Round "7"]
[White "Glimbrant, Torbjorn"]
[Black "Arnelind, Mikael"]
[Result "1-0"]
[WhiteElo "2242"]
[BlackElo "2209"]
[PlyCount "113"]
1. Nf3 Nf6 2. c4 e6 3. e3 d5 4. d4 Be7 5. Nc3 O-O 6. Bd3 dxc4 7. Bxc4 c5 8. O-O
cxd4 9. exd4 Nbd7 10. Qe2 Nb6 11. Bb3 Nbd5 12. Ne5 Nxc3 13. bxc3 Qc7 14. Qf3 a5
15. Bf4 Bd6 16. c4 Nd7 17. Nxd7 Qxd7 18. Bxd6 Qxd6 19. Rfd1 a4 20. Bc2 Ra5 21.
c5 Qe7 22. Qc3 Qc7 23. Rab1 Ra6 24. Qg3 Qe7 25. Bd3 Ra5 26. Rb6 Rd8 27. Bc2 Ra8
28. h3 g6 29. a3 Kg7 30. Qe3 Qc7 31. Rdb1 Ra7 32. Be4 Qd7 33. R1b4 Qe7 34. f4
Qf6 35. Bf3 Qe7 36. Kh2 Qc7 37. g3 Kg8 38. h4 h5 39. Bg2 Kg7 40. Qc3 Kg8 41.
Qc2 Qe7 42. Qe2 Qc7 43. Qe3 Kg7 44. Kg1 Kg8 45. Kf2 Ra6 46. Rxa6 bxa6 47. Qe5
Qxe5 48. fxe5 Kf8 49. Ke3 Ke7 50. Rxa4 f6 51. exf6+ Kxf6 52. Rb4 Rg8 53. Rb8 g5
54. hxg5+ Ke7 55. Bb7 Rxg5 56. Rxc8 Rxg3+ 57. Kf2 1-0

[Event "Superettan(Schack 08-Rockaden II,Sthlm)"]
[Site "?"]
[Date "2020.10.16"]
[Round "7"]
[White "Eriksson, Dan"]
[Black "Wikstrom, Per"]
[Result "1/2-1/2"]
[WhiteElo "2204"]
[BlackElo "2161"]
[PlyCount "95"]
1. e4 e6 2. d4 d5 3. e5 c5 4. c3 Bd7 5. Nf3 Qa5 6. dxc5 Qxc5 7. Bd3 Qc7 8. O-O
Nc6 9. Qe2 h6 10. Re1 a6 11. Nd4 Nge7 12. Na3 Nxd4 13. cxd4 Qb6 14. Be3 Nf5 15.
Bxf5 exf5 16. Rac1 Bb4 17. e6 Bxe6 18. Nc4 Qd8 19. Bd2 Bxd2 20. Nxd2 O-O 21.
Nf3 Qa5 22. a3 Rac8 23. Ne5 Rc7 24. Rxc7 Qxc7 25. Nd3 Qc4 26. Qe3 Qb3 27. h4
Rc8 28. Nc5 Qxe3 29. Rxe3 Rc6 30. Nxb7 Rb6 31. Nc5 Rxb2 32. g3 Rb6 33. Kg2 g5
34. hxg5 hxg5 35. Kf3 Kg7 36. Rc3 Kf6 37. Nd3 a5 38. Nc5 Rb2 39. Nb3 a4 40. Nc5
f4 41. gxf4 g4+ 42. Ke3 Kf5 43. Nxa4 Rb1 44. Nc5 Re1+ 45. Kd2 Ra1 46. Ke3 Re1+
47. Kd2 Ra1 48. Ke3 1/2-1/2

[Event "Superettan(Orgryte-Kungstornet)"]
[Site "?"]
[Date "2020.10.16"]
[Round "7"]
[White "Olsson, William"]
[Black "Henriksson, Johan"]
[Result "1-0"]
[WhiteElo "2284"]
[BlackElo "2265"]
[PlyCount "94"]
[SourceDate "2020.10.22"]
1. c4 c6 2. e4 d5 3. cxd5 cxd5 4. exd5 Nf6 5. Nc3 Nxd5 6. Nf3 e6 7. d4 Nxc3 8.
bxc3 Qc7 9. c4 Bb4+ 10. Bd2 Bxd2+ 11. Qxd2 b6 12. Qg5 O-O 13. Bd3 h6 14. Qe3
Bb7 15. O-O Nd7 16. Rfe1 Rfd8 17. Rad1 Rac8 18. Bf1 Nf8 19. Ne5 Qe7 20. Qg3 Qg5
21. Qa3 Rc7 22. Re3 Qe7 23. Qb3 f6 24. Nf3 Qd6 25. Ne1 Kh8 26. Nc2 Rcd7 27.
Rde1 Qc7 28. h3 Rc8 29. Qa3 Qd8 30. Qb3 f5 31. Bd3 Qg5 32. Rg3 Qf6 33. Rge3
Rdc7 34. Re5 Ba6 35. Na3 Rd8 36. d5 exd5 37. Rxf5 dxc4 38. Qb4 cxd3 39. Rxf6
gxf6 40. Qf4 d2 41. Rd1 Rcd7 42. Nb1 Bd3 43. Nxd2 Bg6 44. Re1 Kg7 45. Nf1 Re8
46. Ne3 Re4 47. Qg3 Re5 1-0

[Event "Superettan(Schack 08-Rockaden II,Sthlm)"]
[Site "?"]
[Date "2020.10.16"]
[Round "7"]
[White "Bjorkeroth, Johan"]
[Black "Svorono, Gabriel"]
[Result "0-1"]
[WhiteElo "2149"]
[BlackElo "2124"]
[PlyCount "76"]
1. e4 c6 2. d4 d5 3. Nc3 dxe4 4. Nxe4 Nf6 5. Nxf6+ exf6 6. Nf3 Bd6 7. Be2 O-O
8. O-O Re8 9. Be3 Nd7 10. c4 f5 11. Bg5 Nf6 12. Re1 h6 13. Bxf6 Qxf6 14. Bf1
Bd7 15. Ne5 Be6 16. f4 Rad8 17. Qf3 Bc8 18. Rad1 c5 19. dxc5 Bxc5+ 20. Kh1 g5
21. Rd5 b6 22. fxg5 hxg5 23. Rxd8 Rxd8 24. Qh5 Bb4 25. Re2 Kg7 26. Nxf7 Rd1 27.
Rf2 g4 28. Ng5 Qg6 29. Qh4 Be7 30. Qg3 Qxg5 31. Qe5+ Qf6 32. Qe2 Qd6 33. b4 Bh4
34. c5 bxc5 35. bxc5 Qd4 36. g3 Bb7+ 37. Kg1 Qd5 38. Rg2 Qxg2+ 0-1

[Event "Superettan(Orgryte-Kungstornet)"]
[Site "?"]
[Date "2020.10.16"]
[Round "7"]
[White "Andersson, Fredrik"]
[Black "Eksmyr, Johan"]
[Result "1/2-1/2"]
[WhiteElo "2281"]
[BlackElo "2155"]
[PlyCount "60"]
1. d4 Nf6 2. c4 g6 3. Nc3 d5 4. cxd5 Nxd5 5. e4 Nxc3 6. bxc3 Bg7 7. Nf3 c5 8.
Be3 Qa5 9. Qd2 Nc6 10. Rc1 cxd4 11. cxd4 Qxd2+ 12. Kxd2 f5 13. e5 O-O 14. Bc4+
Kh8 15. Bf4 h6 16. h4 Rd8 17. Ke3 e6 18. Bb3 Bd7 19. Rhd1 Rac8 20. d5 exd5 21.
Rxd5 Ne7 22. Rdc5 Rxc5 23. Rxc5 Bc6 24. Nd4 Nd5+ 25. Kf3 Ne7+ 26. Nxc6 Nxc6 27.
e6 Nd4+ 28. Kg3 Ne2+ 29. Kf3 Nd4+ 30. Kg3 Ne2+ 1/2-1/2

[Event "Superettan(Schack 08-Rockaden II,Sthlm)"]
[Site "?"]
[Date "2020.10.16"]
[Round "7"]
[White "Narva, David"]
[Black "Arvidsson, Tomas"]
[Result "1-0"]
[WhiteElo "2015"]
[BlackElo "2010"]
[PlyCount "99"]
1. e4 c5 2. Nf3 a6 3. c3 Nf6 4. e5 Nd5 5. d4 cxd4 6. cxd4 Nc6 7. Bc4 Nb6 8. Bb3
e6 9. O-O d5 10. exd6 Qxd6 11. Nc3 Be7 12. d5 Nxd5 13. Nxd5 exd5 14. Qxd5 Qxd5
15. Bxd5 O-O 16. Bg5 Bxg5 17. Nxg5 Nb4 18. Bf3 h6 19. Ne4 Nd3 20. Nd6 Rb8 21.
b3 Rd8 22. Nxc8 Rdxc8 23. Rfd1 Rc3 24. Rd2 b5 25. Rad1 Re8 26. h3 Nc5 27. b4
Ne6 28. Bd5 Nf4 29. Bb3 Ne2+ 30. Kh2 Nc1 31. Bd5 Re7 32. f3 g6 33. Be4 Rec7 34.
h4 h5 35. Kg3 R7c4 36. Kf4 Rxb4 37. Kg5 Kg7 38. Bxg6 Nxa2 39. Bxf7 Rc5+ 40. Rd5
Rc2 41. Bxh5 Rc7 42. Rd7+ Rxd7 43. Rxd7+ Kf8 44. g3 Rc4 45. Bf7 Rc5+ 46. Kf6
Rc6+ 47. Be6 Ke8 48. Ra7 Kd8 49. Ra8+ Kc7 50. Rc8+ 1-0

[Event "Superettan(Rockaden,Umea-Upsala)"]
[Site "?"]
[Date "2020.03.01"]
[Round "6"]
[White "Johansson, Jan"]
[Black "Nygren, David"]
[Result "0-1"]
[WhiteElo "2311"]
[BlackElo "2298"]
[PlyCount "110"]
[SourceDate "2020.03.04"]
1. d4 e6 2. Nf3 Nf6 3. c4 c5 4. d5 exd5 5. cxd5 d6 6. Nc3 g6 7. Bf4 a6 8. a4
Bg7 9. e4 Bg4 10. Be2 Bxf3 11. Bxf3 Qe7 12. O-O Nbd7 13. Qd2 O-O 14. Rae1 Ne8
15. Bd1 Rb8 16. Bg5 Bf6 17. Bh6 Bg7 18. Bxg7 Kxg7 19. f4 f6 20. Bg4 b5 21. axb5
axb5 22. Ra1 Nb6 23. Rfe1 b4 24. Nb5 Nc4 25. Qe2 Rxb5 26. Qxc4 Rb7 27. Rad1 Qd8
28. h3 f5 29. exf5 gxf5 30. Bf3 Qf6 31. b3 Nc7 32. Re3 Nb5 33. Re6 Qc3 34. Be2
Nd4 35. Rc1 Qxc4 36. Bxc4 Nxe6 37. dxe6 Rd8 38. Kf2 Kf6 39. Bd5 Ra7 40. Re1
Ra2+ 41. Ke3 Rg8 42. Kd3 Rg3+ 43. Kc4 Ke7 44. Kb5 Rd3 45. Bc4 Rd4 46. g3 Rdd2
47. Kc6 Ra8 48. g4 Rc8+ 49. Kb7 Rf8 50. Kc6 fxg4 51. hxg4 Rxf4 52. Rh1 Rxc4 53.
bxc4 b3 54. Rxh7+ Kxe6 55. Rb7 b2 0-1

[Event "Superettan(Rockaden,Umea-Upsala)"]
[Site "?"]
[Date "2020.03.01"]
[Round "6"]
[White "Malmstig, Erik"]
[Black "Nilsson, Joakim"]
[Result "1/2-1/2"]
[WhiteElo "2206"]
[BlackElo "2220"]
[PlyCount "86"]
1. c4 e6 2. Nc3 d5 3. e3 Nf6 4. Nf3 Be7 5. Be2 O-O 6. O-O b6 7. b3 Bb7 8. Bb2
c5 9. d4 Nc6 10. cxd5 exd5 11. Rc1 Rc8 12. dxc5 bxc5 13. Na4 Ne4 14. Nd2 Qa5
15. Nxe4 dxe4 16. Qd7 Ba8 17. Qg4 f6 18. Qxe4 Ne5 19. Qh4 Qc7 20. Qh3 Bd6 21.
b4 Nf7 22. f4 Qe7 23. bxc5 Bc7 24. Bd4 Be5 25. Rfd1 Bc6 26. Nb2 Rcd8 27. Bd3
Nh6 28. Nc4 Bc7 29. Nd6 Bd7 30. Nf5 Bxf5 31. Bxf5 Kh8 32. Bc2 f5 33. Qf3 Rfe8
34. Ba4 Rf8 35. h3 Ng8 36. c6 Rfe8 37. Bxa7 Qa3 38. Rc4 Qxa2 39. Rcd4 Ra8 40.
R1d2 Qa3 41. R2d3 Qa1+ 42. Rd1 Qa3 43. R1d3 Qa1+ 1/2-1/2

[Event "Superettan(Rockaden,Umea-Upsala)"]
[Site "?"]
[Date "2020.03.01"]
[Round "6"]
[White "Burwick, Malte"]
[Black "Mardell, Jonas"]
[Result "1/2-1/2"]
[WhiteElo "2254"]
[BlackElo "2118"]
[PlyCount "110"]
1. Nf3 d5 2. g3 Nf6 3. Bg2 e6 4. O-O Be7 5. d3 c5 6. Nbd2 Nc6 7. e4 O-O 8. Re1
Qc7 9. e5 Nd7 10. Qe2 b5 11. Nf1 Bb7 12. h4 Rae8 13. Bf4 Qb6 14. Bh3 c4 15. h5
Bc5 16. h6 g6 17. Be3 Nd4 18. Nxd4 Bxd4 19. f4 Rc8 20. Kh2 Bxe3 21. Nxe3 Qd4
22. c3 cxd3 23. cxd4 dxe2 24. Rxe2 Rc7 25. Rc2 Rxc2+ 26. Nxc2 Rc8 27. Ne3 Kf8
28. Bf1 a6 29. g4 Nb6 30. f5 Nc4 31. Bxc4 dxc4 32. Kg3 b4 33. Rc1 c3 34. bxc3
Rxc3 35. Re1 Bd5 36. fxg6 fxg6 37. Kf4 Bxa2 38. g5 a5 39. d5 exd5 40. e6 d4 41.
Ng4 Ke7 42. Nf6 Bxe6 43. Nxh7 b3 44. Nf6 Rh3 45. h7 Rxh7 46. Nxh7 Kf7 47. Ke5
Bf5 48. Kd6 b2 49. Re7+ Kg8 50. Nf6+ Kf8 51. Re8+ Kf7 52. Re7+ Kf8 53. Nh7+ Kg8
54. Nf6+ Kf8 55. Re8+ Kf7 1/2-1/2

[Event "Superettan(Rockaden,Umea-Upsala)"]
[Site "?"]
[Date "2020.03.01"]
[Round "6"]
[White "Lindgren, Fredrik"]
[Black "Wagner, Stephan"]
[Result "1/2-1/2"]
[WhiteElo "2266"]
[BlackElo "2185"]
[PlyCount "151"]
1. d4 Nf6 2. Nf3 e6 3. g3 b6 4. Bg2 Bb7 5. O-O c5 6. c4 cxd4 7. Qxd4 Nc6 8. Qh4
Be7 9. Rd1 O-O 10. Nc3 Qc8 11. Bd2 d6 12. Rac1 Rd8 13. Qh3 Ne5 14. Nxe5 dxe5
15. b3 Bb4 16. Be1 Rb8 17. Kf1 Bc5 18. Rxd8+ Qxd8 19. Rd1 Qe7 20. Bxb7 Qxb7 21.
Qg2 e4 22. g4 h6 23. h4 g5 24. Qg3 Be7 25. hxg5 hxg5 26. Nb5 Rd8 27. Rxd8+ Bxd8
28. Bc3 Qd7 29. Ke1 a6 30. Nd4 Bc7 31. Qh3 Be5 32. e3 Nh7 33. Qh1 Qb7 34. Qh6
b5 35. c5 Qd5 36. c6 b4 37. c7 Qc5 38. Bb2 Qxc7 39. Kf1 Qd6 40. Qh1 Qd5 41. Kg2
Bxd4 42. Bxd4 e5 43. Bb2 Kg7 44. Qa1 f6 45. Qc1 Nf8 46. Qc7+ Qd7 47. Bxe5 fxe5
48. Qxe5+ Kh6 49. Qxe4 Qd6 50. f4 Ng6 51. f5 Ne5 52. Kh3 Kg7 53. Qb7+ Nf7 54.
Qa7 Qh6+ 55. Kg2 Qc6+ 56. Kf2 Qc2+ 57. Kg3 Qe4 58. Qb6 Qe5+ 59. Kh3 Qd6 60. Qa7
Kf6 61. Qa8 Qb6 62. Kg2 a5 63. e4 Qe3 64. Qc6+ Kg7 65. Qg6+ Kf8 66. f6 Qd2+ 67.
Kh3 Qd3+ 68. Kg2 Qd2+ 69. Kh3 Qc3+ 70. Kg2 Qc5 71. Qg7+ Ke8 72. Qg8+ Qf8 73.
Qg6 Qc5 74. Qg8+ Qf8 75. Qg6 Qc5 76. Qg8+ 1/2-1/2

[Event "Superettan(Rockaden,Umea-Upsala)"]
[Site "?"]
[Date "2020.03.01"]
[Round "6"]
[White "Malm Lindberg, Henrik"]
[Black "Johansson, David"]
[Result "1-0"]
[WhiteElo "2186"]
[BlackElo "2105"]
[PlyCount "69"]
1. e4 e6 2. d4 d5 3. Nc3 Bb4 4. e5 c5 5. dxc5 Nc6 6. Nf3 Nge7 7. Bd3 Ng6 8. O-O
Ncxe5 9. Nxe5 Nxe5 10. Bf4 Bxc3 11. bxc3 Nxd3 12. cxd3 O-O 13. Re1 Bd7 14. Re3
Qa5 15. Bd6 Rfe8 16. d4 Ba4 17. Qd2 f6 18. Rae1 Bd7 19. Rg3 Kh8 20. Ree3 Qb5
21. Qc1 b6 22. h3 Rg8 23. Rg4 bxc5 24. dxc5 Qa6 25. Rh4 Qxa2 26. Qd1 g5 27. Rb4
Rg7 28. c6 Bxc6 29. Re2 Qa6 30. Rxe6 Re8 31. Qe1 Rgg8 32. Be7 h6 33. Rxf6 Kg7
34. Qe6 Qa1+ 35. Kh2 1-0

[Event "Superettan(Rockaden,Umea-Upsala)"]
[Site "?"]
[Date "2020.03.01"]
[Round "6"]
[White "Larsson, Johan"]
[Black "Sittenfeld, Johan"]
[Result "0-1"]
[WhiteElo "2194"]
[BlackElo "2135"]
[PlyCount "86"]
1. d4 d5 2. Nc3 Nf6 3. Bf4 a6 4. e3 e6 5. g4 c5 6. g5 Nfd7 7. Nf3 Nc6 8. a3 Nb6
9. h4 Bd6 10. Qd2 Bxf4 11. exf4 Qe7 12. O-O-O Bd7 13. Qe3 c4 14. Bh3 g6 15. h5
O-O-O 16. Bg4 Kb8 17. Ne5 Ka8 18. Rh2 Rhg8 19. Rdh1 Nxe5 20. fxe5 Rb8 21. hxg6
hxg6 22. Rh7 Rgc8 23. R1h3 Be8 24. Rf3 Rc6 25. Rf6 Qd8 26. Na2 c3 27. b3 Nd7
28. Rfxf7 Qa5 29. a4 Bxf7 30. Rxf7 Nb6 31. Rf6 Re8 32. Rxg6 Nxa4 33. b4 Qb6 34.
Be2 Nb2 35. f4 Nc4 36. Bxc4 Rxc4 37. f5 Rxd4 38. Qxc3 Rc4 39. Qd3 Rec8 40. c3
Qf2 41. Kb1 d4 42. Rxe6 dxc3 43. Qc2 Qf1+ 0-1

[Event "Superettan(Rockaden,Umea-Upsala)"]
[Site "?"]
[Date "2020.03.01"]
[Round "6"]
[White "Nilsson, Peter"]
[Black "Hellstrom, Magnus"]
[Result "0-1"]
[WhiteElo "2041"]
[BlackElo "2095"]
[PlyCount "78"]
1. Nf3 c5 2. c4 Nc6 3. Nc3 g6 4. g3 Bg7 5. Bg2 e6 6. O-O Nge7 7. e3 O-O 8. d4
cxd4 9. Nxd4 d5 10. cxd5 Nxd4 11. exd4 Nxd5 12. Ne4 Qb6 13. Nc5 Qb4 14. Nb3 b6
15. Bd2 Qd6 16. Bc3 Ba6 17. Re1 Rac8 18. Qd2 Rfd8 19. Rac1 Bc4 20. Bf1 Bxf1 21.
Rxf1 h5 22. Qd3 a5 23. Nd2 Nxc3 24. bxc3 e5 25. Rb1 exd4 26. c4 Rc6 27. Rfe1
Rdc8 28. f4 h4 29. Kf2 Qd7 30. Rb5 Rxc4 31. Rxb6 Rc3 32. Qe4 Re3 33. Qb7 Qe8
34. Rd1 Re2+ 35. Kf1 d3 36. Qf3 Bd4 37. Rxg6+ fxg6 38. Qd5+ Qe6 39. Qxd4 Qh3+
0-1

[Event "Superettan(Rockaden,Umea-Upsala)"]
[Site "?"]
[Date "2020.03.01"]
[Round "6"]
[White "Isaksson, Henrik"]
[Black "Lindhagen, Lars"]
[Result "1-0"]
[WhiteElo "2101"]
[BlackElo "2036"]
[PlyCount "101"]
1. d4 Nf6 2. Nc3 d5 3. Bf4 Bf5 4. f3 e6 5. g4 Bg6 6. h4 h6 7. e3 Bd6 8. Nge2
Nc6 9. Bxd6 Qxd6 10. Nf4 O-O-O 11. Qd2 e5 12. Nb5 Qe7 13. Nxg6 fxg6 14. O-O-O
e4 15. g5 hxg5 16. Bh3+ Kb8 17. hxg5 Nh5 18. f4 Ng3 19. Rh2 Rh7 20. Qf2 Nf5 21.
Bxf5 Rxh2 22. Qxh2 gxf5 23. Qh7 Qf7 24. Rh1 Ne7 25. Qh5 Ng6 26. Qe2 Rh8 27.
Rxh8+ Nxh8 28. Qh2 Ng6 29. Qh5 c6 30. Nc3 Kc7 31. Ne2 Kd6 32. Ng3 Ke6 33. Qh7
Ke7 34. Qh3 Ke6 35. Qh7 Ke7 36. b3 b5 37. Qh3 Ke6 38. Qh7 Ke7 39. Kb2 Kf8 40.
Qh3 Ne7 41. Kc3 a5 42. a4 bxa4 43. bxa4 Qf6 44. Kd2 Qd6 45. Nxf5 Qd7 46. Qh8+
Ng8 47. Nh4 Qb7 48. Ng6+ Kf7 49. Ne5+ Kf8 50. Qh5 Qc7 51. Qg6 1-0

[Event "Superettan(Kristallen-Kungstornet)"]
[Site "?"]
[Date "2020.02.29"]
[Round "6"]
[White "Gamback, Bjorn"]
[Black "Aronsson, Marten"]
[Result "0-1"]
[WhiteElo "2122"]
[BlackElo "2219"]
[PlyCount "116"]
[EventDate "2020.??.??"]
1. Nf3 d5 2. c4 e6 3. e3 Nf6 4. b3 b6 5. cxd5 exd5 6. Bb2 Be7 7. Be2 O-O 8. d3
c5 9. Nbd2 Nc6 10. Rc1 Bf5 11. a3 Rc8 12. O-O Qd6 13. Rc2 a5 14. Nb1 b5 15. Rd2
d4 16. e4 Be6 17. Ne1 c4 18. bxc4 bxc4 19. e5 Qxe5 20. dxc4 Ne4 21. Rc2 Rfd8
22. Nd3 Qf5 23. Bf3 Nd6 24. g4 Qf6 25. Bd5 Nb7 26. Qf3 Qxf3 27. Bxf3 Nc5 28.
Nxc5 Bxc5 29. Bd5 Bxg4 30. Re1 Kf8 31. Nd2 d3 32. Rc3 Bd4 33. Rb3 Bxb2 34. Rxb2
Nd4 35. Rb7 Ne2+ 36. Kg2 Be6 37. Be4 f5 38. Bf3 Nf4+ 39. Kg3 g5 40. Rxh7 Bf7
41. Rh8+ Bg8 42. Rh6 Kg7 43. Ra6 Bxc4 44. Ra7+ Kf6 45. h4 Ne2+ 46. Bxe2 gxh4+
47. Kh2 dxe2 48. Nxc4 Rxc4 49. Rxe2 a4 50. Rb2 Rd3 51. Rb4 Rc2 52. Kg1 h3 53.
Raxa4 Rd1+ 54. Kh2 Rxf2+ 55. Kg3 h2 56. Rh4 Rc2 57. Ra6+ Kg5 58. Rhh6 Rd3# 0-1

[Event "Superettan(Kristallen-Kungstornet)"]
[Site "?"]
[Date "2020.02.29"]
[Round "6"]
[White "Larsson, Anders"]
[Black "Hedstrom, Johan"]
[Result "1-0"]
[WhiteElo "2196"]
[BlackElo "2060"]
[PlyCount "97"]
[EventDate "2020.??.??"]
1. e4 c5 2. Nf3 e6 3. b3 a6 4. Bb2 Nc6 5. Be2 d5 6. exd5 exd5 7. d4 cxd4 8. O-O
Be6 9. Nxd4 Nxd4 10. Qxd4 Qf6 11. Qa4+ Bd7 12. Bxf6 Bxa4 13. Bd4 Bc6 14. Bg4 h5
15. Re1+ Be7 16. Bf5 Kf8 17. Nd2 Bf6 18. Nf3 g6 19. Bd3 Bxd4 20. Nxd4 Nf6 21.
h3 Kg7 22. Re7 Rhe8 23. Rae1 Kf8 24. Rxe8+ Nxe8 25. a4 a5 26. f4 Nf6 27. Kf2
Re8 28. Rxe8+ Bxe8 29. Ke3 Ke7 30. Nf3 Kd6 31. Kd4 Ng8 32. Ne5 Ne7 33. c4 Nc6+
34. Nxc6 Bxc6 35. c5+ Ke6 36. g3 Be8 37. f5+ gxf5 38. Be2 f4 39. gxf4 h4 40.
Bg4+ Ke7 41. Kxd5 f5 42. Bxf5 Bf7+ 43. Ke5 Bxb3 44. Bc8 Bxa4 45. Bxb7 Bb3 46.
c6 a4 47. c7 Be6 48. c8=Q Bxc8 49. Bxc8 1-0

[Event "Superettan(Kristallen-Kungstornet)"]
[Site "?"]
[Date "2020.02.29"]
[Round "6"]
[White "Dingertz, Erik"]
[Black "Engstrom, Kaj"]
[Result "1-0"]
[WhiteElo "1947"]
[BlackElo "2195"]
[PlyCount "83"]
[EventDate "2020.??.??"]
1. Nf3 d5 2. g3 Nf6 3. Bg2 c6 4. c4 dxc4 5. a4 Be6 6. Na3 Na6 7. Ne5 Bd5 8. f3
Nc5 9. Naxc4 Nfd7 10. Nxd7 Qxd7 11. Qc2 e5 12. O-O f6 13. a5 Na6 14. d3 Bc5+
15. Be3 Qe7 16. Bf2 O-O 17. Rad1 Rad8 18. e3 Qf7 19. e4 Bxf2+ 20. Qxf2 Be6 21.
Qxa7 Nb4 22. Ne3 Rd4 23. f4 Bb3 24. fxe5 Qd7 25. Bh3 Qd8 26. Nf5 Rd7 27. e6
Bxe6 28. Nh6+ Kh8 29. Bxe6 Rc7 30. Nf7+ Rfxf7 31. Bxf7 Rxf7 32. Qb6 Qf8 33. e5
Nd5 34. Qd4 Qe7 35. Rde1 f5 36. e6 Rf8 37. Qe5 Qb4 38. e7 Re8 39. Rxf5 h6 40.
Rf7 Nf6 41. Rxf6 gxf6 42. Qxf6+ 1-0

[Event "Superettan(Rockaden,SthlmII-VasterasII)"]
[Site "?"]
[Date "2020.02.29"]
[Round "6"]
[White "Janse, Love"]
[Black "Tuomainen, Felix"]
[Result "1/2-1/2"]
[WhiteElo "2214"]
[BlackElo "2208"]
[PlyCount "87"]
[SourceDate "2020.03.06"]
1. e4 d5 2. exd5 Qxd5 3. Nc3 Qa5 4. Nf3 Nf6 5. d4 Bf5 6. Ne5 c6 7. Bf4 Nbd7 8.
Nc4 Qd8 9. Bd3 Bxd3 10. Qxd3 Nb6 11. O-O Nxc4 12. Qxc4 e6 13. Rfe1 Nd5 14. Be5
Nxc3 15. Qxc3 Qb6 16. a3 O-O-O 17. Rad1 Rg8 18. Qg3 Be7 19. c4 Bf6 20. Bxf6
gxf6 21. Qf4 Qxb2 22. d5 Qc2 23. g3 Qf5 24. Qxf5 exf5 25. Kg2 f4 26. Kf3 fxg3
27. hxg3 cxd5 28. Rxd5 Rxd5 29. cxd5 Kd7 30. Rh1 Rg5 31. Rxh7 Ke7 32. Ke4 Re5+
33. Kd4 Re2 34. f4 Ra2 35. d6+ Ke6 36. f5+ Kxf5 37. Rxf7 Ke6 38. Rxb7 Rxa3 39.
d7 Ke7 40. g4 Ra4+ 41. Kd5 Rxg4 42. Rxa7 Rg1 43. d8=Q+ Kxd8 44. Rf7 1/2-1/2

[Event "Superettan(Rockaden,SthlmII-VasterasII)"]
[Site "?"]
[Date "2020.02.29"]
[Round "6"]
[White "Bator, Robert"]
[Black "Jonsson, Mikael"]
[Result "1-0"]
[WhiteElo "2365"]
[BlackElo "2225"]
[PlyCount "56"]
1. Nf3 d5 2. c4 d4 3. b4 f6 4. e3 dxe3 5. fxe3 Bg4 6. c5 e5 7. Qa4+ Qd7 8. Bb5
c6 9. Bc4 Bxf3 10. gxf3 Qh3 11. Qb3 Nh6 12. Be6 f5 13. Rf1 Be7 14. Qc4 Na6 15.
Bb2 Qxh2 16. f4 Ng4 17. Qe2 Qg3+ 18. Kd1 Rd8 19. Kc1 Nxb4 20. Bxf5 Nh2 21. Rh1
Nf3 22. a3 Nd5 23. Be4 Nh4 24. Qh5+ g6 25. Qxe5 Rf8 26. Nc3 Nf3 27. Bxf3 Qxf3
28. Rxh7 Rf7 1-0

[Event "Superettan(Rockaden,SthlmII-VasterasII)"]
[Site "?"]
[Date "2020.02.29"]
[Round "6"]
[White "Carlsson, Ludvig"]
[Black "Eriksson, Dan"]
[Result "1-0"]
[WhiteElo "2199"]
[BlackElo "2204"]
[PlyCount "101"]
[SourceDate "2020.03.06"]
1. d4 d5 2. Nf3 Nf6 3. c4 e6 4. g3 Be7 5. Bg2 O-O 6. Nc3 c5 7. cxd5 Nxd5 8. O-O
Nf6 9. dxc5 Qa5 10. Qa4 Qxa4 11. Nxa4 Bd7 12. Nc3 Nc6 13. Bf4 Bxc5 14. Ne5 Nxe5
15. Bxe5 Ng4 16. Bf4 e5 17. Bg5 h6 18. Bd2 Rfd8 19. Ne4 Be7 20. h3 Nf6 21. Ba5
Re8 22. Rfd1 Bb5 23. Nc3 Ba6 24. b4 Bc4 25. Bxb7 Rab8 26. Bc6 Rec8 27. b5 Ba3
28. Rab1 a6 29. bxa6 Rxb1 30. Nxb1 Bxa6 31. Rd8+ Rxd8 32. Bxd8 Bb4 33. Kf1 Bc8
34. g4 h5 35. f3 Bc5 36. Nc3 h4 37. a4 Kh7 38. Ne4 Nxe4 39. Bxe4+ g6 40. Bxh4
f5 41. Bd5 e4 42. Bf6 Bb6 43. Bc3 Kh6 44. a5 Be3 45. gxf5 gxf5 46. fxe4 fxe4
47. Bxe4 Bxh3+ 48. Ke1 Bd7 49. Bd2 Bxd2+ 50. Kxd2 Kg5 51. a6 1-0

[Event "Superettan(Rockaden,SthlmII-VasterasII)"]
[Site "?"]
[Date "2020.02.29"]
[Round "6"]
[White "Nikolic, Vladan"]
[Black "Eriksson, Anders"]
[Result "1/2-1/2"]
[WhiteElo "2201"]
[BlackElo "2224"]
[PlyCount "132"]
[SourceDate "2020.03.08"]
1. d4 Nf6 2. Nf3 e6 3. g3 b5 4. Bg2 Bb7 5. O-O c5 6. a4 b4 7. c4 bxc3 8. bxc3
Na6 9. Nbd2 Be7 10. Re1 cxd4 11. cxd4 Nb4 12. Ba3 a5 13. Qb3 O-O 14. Rac1 Rb8
15. Nc4 d5 16. Nce5 Ne4 17. Qd1 f6 18. Nd3 Qd7 19. Bh3 Rfc8 20. Nf4 f5 21. Ne5
Qd6 22. f3 Rxc1 23. Qxc1 Ng5 24. Bf1 Rc8 25. Qb1 Nf7 26. Nxf7 Kxf7 27. Nd3 Qb6
28. e3 Bd6 29. Rc1 Rxc1 30. Qxc1 Qc6 31. Nc5 Bxc5 32. Bb5 Qc7 33. Qxc5 Qxc5 34.
dxc5 Ke7 35. Bb2 g6 36. Be5 Bc6 37. Bc7 Bxb5 38. axb5 a4 39. Kf1 a3 40. Ke2 d4
41. Be5 a2 42. Bxd4 Nc2 43. Be5 a1=Q 44. Bxa1 Nxa1 45. Kd3 Nb3 46. Kc4 Nd2+ 47.
Kb4 Kd7 48. Ka5 Kc7 49. Ka6 Nb3 50. c6 Nc5+ 51. Ka5 Nd3 52. f4 e5 53. Ka4 exf4
54. exf4 Kb6 55. Kb3 Nc5+ 56. Kc4 Ne6 57. Kd5 Nc7+ 58. Ke5 Kxb5 59. Kf6 Kxc6
60. Kg7 Nd5 61. Kxh7 Ne7 62. Kg7 Kd6 63. Kf6 Kd7 64. Kf7 Kd6 65. Kf6 Kd7 66.
Kf7 Kd6 1/2-1/2

[Event "Superettan(Rockaden,SthlmII-VasterasII)"]
[Site "?"]
[Date "2020.02.29"]
[Round "6"]
[White "Carlsson, Andreas"]
[Black "Sandbom, Jonas"]
[Result "1/2-1/2"]
[WhiteElo "1994"]
[BlackElo "2105"]
[PlyCount "51"]
1. d4 Nf6 2. Nc3 d5 3. Bf4 Bf5 4. e3 e6 5. Be2 Bd6 6. Be5 Bxe5 7. dxe5 Ne4 8.
Nxe4 Bxe4 9. f3 Bg6 10. h4 h6 11. Bd3 Bxd3 12. Qxd3 Nd7 13. f4 c6 14. Ne2 Qa5+
15. c3 Nc5 16. Qc2 Qa6 17. O-O Ne4 18. Rf3 Qb6 19. Ng3 O-O-O 20. b4 Nxg3 21.
Rxg3 g6 22. Qd3 h5 23. Qd4 Qxd4 24. exd4 Kc7 25. Rb1 Kb6 26. a4 1/2-1/2

[Event "Superettan(Rockaden,SthlmII-VasterasII)"]
[Site "?"]
[Date "2020.02.29"]
[Round "6"]
[White "Narva, David"]
[Black "Kretz, Johan"]
[Result "0-1"]
[WhiteElo "2015"]
[BlackElo "2204"]
[PlyCount "54"]
1. e4 c5 2. Nf3 Nc6 3. Bb5 Nf6 4. Bxc6 dxc6 5. Nc3 Bg4 6. d3 Nd7 7. h3 Bh5 8.
g4 Bg6 9. e5 e6 10. Bg5 f6 11. Bf4 h5 12. Rg1 hxg4 13. hxg4 fxe5 14. Nxe5 Nxe5
15. Bxe5 Qg5 16. Qe2 O-O-O 17. Bg3 Bd6 18. Ne4 Bxe4 19. Qxe4 Bxg3 20. Rxg3 Rd4
21. Qxe6+ Kb8 22. Re3 Rh1+ 23. Ke2 Rxa1 24. Qe8+ Kc7 25. Re7+ Kb6 26. Qf7 Qxg4+
27. Kd2 Qf4+ 0-1